000 00701nam a22002417a 4500
005 20260222212912.0
008 260222b |||||||| |||| 00| 0 spa d
040 _aCO-BoESAP
_bspa
_cCO-BoESAP
100 1 _aRoa Suárez, Hernando,
_d1939-
_9119
_eautor
245 1 0 _aTeorías políticas modernas /
_cHernando Roa Suárez.
300 _apáginas 123-
526 _a104436
526 _a1697
526 _a19790
526 _a51868
526 _a102619
526 _a5144
650 1 7 _aTeoría política
_91669
_2LEMB
650 2 7 _aSistemas políticos
_93531
_2LEMB
650 2 4 _aSistemas de información en política
_9222550
773 _tTemas políticos contemporáneos
942 _2cl
_cCHAP
999 _c175243
_d175243